000 00950nam0a22002531 4500
001 rc\612586
005 20250621183247.0
035 _a(NLR Aleph) 005856098
090 _a5829397
_c5829397
100 _a20031121d1986 |||y0rusy50 ca
101 0 _arus
102 _aRU
105 _aa |||||||||
200 1 _aСОВРЕМЕННОЕ состояние и тенденции развития дозвуковых крылатых ракет самолетных схем
_e(По материалам открытой зарубеж. печати)
_f[Сост.: О.Н. Пешков, Н.Н. Новичков]
210 _a[М.]
_cЦАГИ
_d1986
215 _a113 с.
_cил.
_d28
225 1 _aОбзоры
_fЦАГИ. Отд-ние НТИ
_v№ 670
320 _aБиблиогр.: с. 109-111
702 1 _aПешков
_bО.Н.
_4220
801 0 _aRU
_bNLR
_gpsbo
801 1 _aRU
_bELAR
_2rusmarc
852 _aNLR
_jП11/2256
942 _cBOOK
980 _aNB